Bacaan kegemaran rakyat Malaysia : (Favourite read of Malaysians)
| Corporate Author: | |
|---|---|
| Format: | Book |
| Published: |
Kuala Lumpur :
Perpustakaan Negara Malaysia ,
2004
|
| Subjects: |
MARC
| LEADER | 00000cam a2200000 7i4500 | ||
|---|---|---|---|
| 001 | 0000003941 | ||
| 005 | 20120326.0 | ||
| 020 | 0 | 0 | |a 9679311740 |
| 090 | 0 | 0 | |a 028.909595 |b FAV 2004 |
| 245 | 1 | 0 | |a Bacaan kegemaran rakyat Malaysia : |b (Favourite read of Malaysians) |
| 260 | 0 | 0 | |a Kuala Lumpur : |b Perpustakaan Negara Malaysia , |c 2004 |
| 300 | |a 152 p. ; |c 30 cm. | ||
| 650 | 0 | 0 | |a Book and reading---Malaysia |
| 650 | 0 | 0 | |a Reading interests---Malaysia |
| 710 | 1 | 1 | |a Perpustakaan Negara Malaysia |
| 999 | |a 007718 |b Monograph |c Open Shelf |e Default branch | ||